000 01936nam0a2200385 4500
001 RU\NLR\bibl\834323
005 20260407095021.0
010 _a5-9669-0034-5
_9100
021 _aRU
_b2005-41639
_92064
035 _a(NLR Aleph) 000823174
090 _a1314098
_c1314098
100 _a20050825d2005 |||y0rusy50 ca
101 0 _arus
102 _aRU
105 _aa |||||||||
200 1 _aДетерминация эффективной экономики
_f[А.В. Дьяченко, д.э.н., В.В. Антоненко, к.э.н., О.Е. Ежова, к.э.н. и др.]
_gпод ред. д.э.н. А.В. Дьяченко
_gМ-во образования и науки Рос. Федерации, Волгогр. гос. ун-т
210 _aВолгоград
_cИзд-во Волгоградского государственного университета
_d2005
215 _a288, [1] с.
_cил.
_d22
300 _aАвт. указаны на обороте тит.л.
300 _aНа 1-й с.: К 25-летию Волгогр. гос. ун-та
320 _aБиблиогр. в прим. в конце тем
606 1 _aОбщественное производство
_xЭффективность
_92157511
_3RU\NLR\auth\661298717
686 _aУ9(2)-96-07(2Р)
701 1 _aДьяченко
_bА. В.
_gАлександр Васильевич
_4070
701 1 _4070
_8rus
_7ca
_aАнтоненко
_bВ.В
_cканд. экон. наук
_gВероника Владимировна
_3RU\NLR\auth\7728270
_911301
701 1 _aЕжова
_bО. Е.
_gОксана Евгеньевна
_4070
712 0 2 _4570
_aВолгоградский государственный университет
_3RU\NLR\AUTH\889921739
_9339574
801 0 _aRU
_bNLR
_c20050825
_grcr
801 1 _aRU
_bNLR
_c20050825
830 _a2 авт. по эк
942 _cBOOK
980 _aNB
980 _aNBR